logo

Bir Sreshtho Munshi Abdur Rouf Library
Jhenaidah Cadet College

তথ্য প্রযুক্তি ও গ্রন্থাগার ব্যবস্থা: (Record no. 11497)

MARC details
000 -LEADER
fixed length control field 00956nam a2200253 a 4500
001 - CONTROL NUMBER
JCCL Control Number 11497
003 - CONTROL NUMBER IDENTIFIER
JCCL marc code BD-JhCC
005 - DATE AND TIME OF LATEST TRANSACTION
control field 20191019092651.0
008 - FIXED-LENGTH DATA ELEMENTS--GENERAL INFORMATION
fixed length control field 190603b 2014bg |||| ||a| 001 0 Mul d
020 ## - INTERNATIONAL STANDARD BOOK NUMBER
International Standard Book Number 97893836581078
035 ## - SYSTEM CONTROL NUMBER
system control number (BD-JhCC)11497
040 ## - CATALOGING SOURCE
Original cataloging agency BD-JhCC
Modifying agency BD-JhCC
041 ## - LANGUAGE CODE
Language code of Book mul
082 ## - DEWEY DECIMAL CLASSIFICATION NUMBER
Author mark and Year HAT 2014
Classification number 025.30285416
100 ## - MAIN ENTRY--PERSONAL NAME
Personal name হাটুয়া, সুদীপ রঞ্জন
245 ## - TITLE STATEMENT
Title তথ্য প্রযুক্তি ও গ্রন্থাগার ব্যবস্থা:
Remainder of title তত্ত্ব ও প্রয়োগ /
Statement of responsibility, etc সুদীপ রঞ্জন হাটুয়া ।
260 ## - PUBLICATION, DISTRIBUTION, ETC. (IMPRINT)
Place of publication, distribution, etc ঢাকা:
Name of publisher, distributor, etc প্রভা প্রকাশনী;
Date of publication, distribution, etc ২০১৪.
300 ## - PHYSICAL DESCRIPTION
Pagination ৫৫৬ পৃ. :
Dimensions ২২ সেমি.
650 ## - SUBJECT ADDED ENTRY--TOPICAL TERM
Topical term or geographic name as entry element Libraries--Automation
650 ## - SUBJECT ADDED ENTRY--TOPICAL TERM
Topical term or geographic name as entry element Library science--Computer programs
650 ## - SUBJECT ADDED ENTRY--TOPICAL TERM
Topical term or geographic name as entry element Information technology
942 ## - ADDED ENTRY ELEMENTS (KOHA)
Source of classification or shelving scheme Dewey Decimal Classification
Koha item type Books
Holdings
Source of classification or shelving scheme Damaged status Not for loan Home library Current library Shelving location Date of accession Cost, normal purchase price Total Checkouts Full call number Barcode Date last seen Copy number Koha item type
Dewey Decimal Classification     JCC Rouf Library JCC Rouf Library General Stacks 06/03/2019 400.00   025.30285416 HAT 2014 15212 10/03/2019 C-1 Books

JCC Library | Contacts | JCC Home

Last Update on 23 September 2017
Copyright @ 2017-2020 JCC Rouf Library
Rouf Library, Jhenidah Cadet College (JCC), Bangladesh